Forensic crime solvers : computer evidence

Bibliographic Details
Main Author: Dahl, Michael
Format: Book
Published: Minnesota : Capstone Press , 2005
Series:Edge books forensic crime solvers
Subjects:

MARC

LEADER 00000cam a2200000 7i4500
001 0000097607
005 20051214.0
020 |a 073682698X 
090 0 0 |a 363.25968   |b DAH 
100 1 |a Dahl, Michael 
245 1 0 |a Forensic crime solvers :   |b computer evidence   |c Michael Dahl 
260 |a Minnesota :   |b Capstone Press ,   |c 2005 
300 |a 32p. :   |b ill. ;   |c 23cm. 
490 0 |a Edge books forensic crime solvers 
650 0 0 |a Computer crimes   |x Investigation   |x Juvenile literature 
999 |a 00188141   |b BUKU   |c JUNIOR REFERENCE   |e PERPUSTAKAAN KOMUNITI PETALING JAYA